Home : a play /

Bibliographic Details
Main Author: Williams, Samm-Art
Format: Book
Language:English
Published: Garden City, N.Y. : N. Doubleday, [1978]
Edition:[Book club ed.].

MARC

Tag First Indicator Second Indicator Subfields
LEADER 00000cam a2200000 a 4500
001 in00000074559
005 20151008053601.0
008 810305s1978 nyu 00010 eng d
035 |a (OCoLC)07195435 
035 |9 AAH7919AM 
040 |a WIA  |c WIA  |d TXA  |d UtOrBLW 
049 |a TXAM  |c [1386952] 
090 |a PS3573.I45543  |b H6 1978a 
092 |a 812  |b W 
100 1 |a Williams, Samm-Art. 
245 1 0 |a Home :  |b a play /  |c by Samm-Art Williams. 
250 |a [Book club ed.]. 
264 1 |a Garden City, N.Y. :  |b N. Doubleday,  |c [1978] 
264 4 |c ©1978 
300 |a 68 pages ;  |c 22 cm. 
336 |a text  |b txt  |2 rdacontent 
337 |a unmediated  |b n  |2 rdamedia 
338 |a volume  |b nc  |2 rdacarrier 
999 |a MARS 
999 f f |s 87421164-a7f4-3bfc-b1ba-ad5bfc010835  |i e3b934e7-b7fb-31d2-8946-6a125921803e  |t 0 
952 f f |p ric  |a Texas A&M University  |b Rellis Campus  |c Joint Library Facility  |d Remote Storage  |t 0  |e PS3573.I45543 H6 1978a  |h Library of Congress classification  |i unmediated -- volume  |m A14806193701 
998 f f |a PS3573.I45543 H6 1978a  |t 0  |l Remote Storage